000
00279nam a2200121Ia 4500
008
190216s9999||||xx |||||||||||||| ||und||
100
_a
Shiva Chandra Jha
245
0
_a
English Medium
260
_b
Shivadas & Sons
_c
2003
300
_a
336
650
_a
Mathematics
942
_c
REF
999
_c
36714
_d
36714